000 00302nam a22001337a 4500
008 181015b xxu||||| |||| 00| 0 eng d
020 _a9781416030805
041 _aeng
080 _27th
_a616.073
100 _a6
101 _aGJEN
245 _aGenetics in Medicine
_cNussbaum,R.L
942 _2udc
_cBK
999 _c49636
_d49636